ARRUPE JESUIT UNIVERSITY

CORONAVIRUS -STOP THE SPREAD - CLEAN,DISINFECT,COVER

Issues in Marxist philosophy / (Record no. 26896)

MARC details
000 -LEADER
fixed length control field 01233cam a2200337 i 4500
001 - CONTROL NUMBER
control field 4171736
003 - CONTROL NUMBER IDENTIFIER
control field ARRUPE
005 - DATE AND TIME OF LATEST TRANSACTION
control field 20170727122807.0
008 - FIXED-LENGTH DATA ELEMENTS--GENERAL INFORMATION
fixed length control field 790323m19799999nju b 000 0 eng
010 ## - LIBRARY OF CONGRESS CONTROL NUMBER
LC control number 79012173
020 ## - INTERNATIONAL STANDARD BOOK NUMBER
International Standard Book Number 0391009346 (v. 1)
020 ## - INTERNATIONAL STANDARD BOOK NUMBER
International Standard Book Number 0391010174 (pbk. : v. 1)
040 ## - CATALOGING SOURCE
Original cataloging agency DLC
Transcribing agency DLC
Modifying agency DLC
050 00 - LIBRARY OF CONGRESS CALL NUMBER
Classification number B809.8
Item number .I774 1979
082 00 - DEWEY DECIMAL CLASSIFICATION NUMBER
Classification number 146/.3
300 ## - PHYSICAL DESCRIPTION
Dimensions 23 cm.
245 00 - TITLE STATEMENT
Title Issues in Marxist philosophy /
Statement of responsibility, etc edited by John Mepham and David-Hillel Ruben.
260 ## - PUBLICATION, DISTRIBUTION, ETC. (IMPRINT)
Place of publication, distribution, etc Atlantic Highlands, N.J. :
Name of publisher, distributor, etc Humanities Press,
Date of publication, distribution, etc 1979-
300 ## - PHYSICAL DESCRIPTION
Extent v. <3 > ;
440 #0 - SERIES STATEMENT/ADDED ENTRY--TITLE
Title [Marxist theory and contemporary capitalism ;
Volume number/sequential designation no. 20]
9 (RLIN) 33732
504 ## - BIBLIOGRAPHY, ETC. NOTE
Bibliography, etc Includes bibliographical references.
505 1# - FORMATTED CONTENTS NOTE
Formatted contents note --v. 3. Epistomology, science, ideology.
600 10 - SUBJECT ADDED ENTRY--PERSONAL NAME
Personal name Marx, Karl,
Dates associated with a name 1818-1883.
9 (RLIN) 33733
650 #0 - SUBJECT ADDED ENTRY--TOPICAL TERM
Topical term or geographic name as entry element Philosophy, Marxist.
9 (RLIN) 33681
650 #0 - SUBJECT ADDED ENTRY--TOPICAL TERM
Topical term or geographic name as entry element Dialectical materialism.
9 (RLIN) 18201
650 #0 - SUBJECT ADDED ENTRY--TOPICAL TERM
Topical term or geographic name as entry element Historical materialism.
9 (RLIN) 33734
700 1# - ADDED ENTRY--PERSONAL NAME
Personal name Mepham, John,
Dates associated with a name 1938-
9 (RLIN) 33735
700 1# - ADDED ENTRY--PERSONAL NAME
Personal name Ruben, David-Hillel.
9 (RLIN) 33736
906 ## - LOCAL DATA ELEMENT F, LDF (RLIN)
a 7
b cbc
c orignew
d 1
e ocip
f 19
g y-gencatlg
942 ## - ADDED ENTRY ELEMENTS (KOHA)
Source of classification or shelving scheme Library of Congress Classification
Koha item type Monograph ( Printed materials)
Holdings
Withdrawn status Lost status Source of classification or shelving scheme Damaged status Not for loan Collection code Home library Current library Date acquired Total Checkouts Full call number Barcode Date last seen Copy number Price effective from Koha item type
    Library of Congress Classification     Main Collection ARRUPE LIBRARY ARRUPE LIBRARY 04/03/2013   B809.8.I774 1979 46003098307 04/03/2013 1 04/03/2013 Monograph ( Printed materials)

 

Arrupe Library. PO Box MP320 Mt Pleasant, Harare, Zimbabwe
263 242 745411|librarian@aju.ac.zw